Women full Human Beings or Less than Men: (Record no. 613705)
[ view plain ]
| 000 -LEADER | |
|---|---|
| fixed length control field | 00389nam a22001337a 4500 |
| 020 ## - INTERNATIONAL STANDARD BOOK NUMBER | |
| International Standard Book Number | 9789698486228 |
| 082 ## - DEWEY DECIMAL CLASSIFICATION NUMBER | |
| Classification number | 305.42 |
| Author Mark | AMA |
| 100 ## - MAIN ENTRY--PERSONAL NAME | |
| Personal name | Amatullah |
| 245 ## - TITLE STATEMENT | |
| Title | Women full Human Beings or Less than Men: |
| Remainder of title | a critical exploration of Islam and secularism / |
| Statement of responsibility, etc. | Amatullah |
| 260 ## - PUBLICATION, DISTRIBUTION, ETC. | |
| Place of publication, distribution, etc. | Lahore : |
| Name of publisher, distributor, etc. | Allied Book Company, |
| Date of publication, distribution, etc. | 2019. |
| 300 ## - PHYSICAL DESCRIPTION | |
| Extent | 245 p. |
| 563 ## - BINDING INFORMATION | |
| Binding note | PB. |
| 942 ## - ADDED ENTRY ELEMENTS (KOHA) | |
| Source of classification or shelving scheme | |
| Koha item type | Book |
| Withdrawn status | Lost status | Source of classification or shelving scheme | Damaged status | Not for loan | Permanent Location | Current Location | Date acquired | Total Checkouts | Full call number | Barcode | Date last seen | Price effective from | Koha item type |
|---|---|---|---|---|---|---|---|---|---|---|---|---|---|
| NUST Law School (NLS) | NUST Law School (NLS) | 05/12/2025 | 305.42 AMA | NLSD-41 | 05/12/2025 | 05/12/2025 | Book |
